Food needs of the developing world in the early twenty-first century

Uloženo v:
Podrobná bibliografie
Médium: Kniha
Jazyk:angličtina
Vydáno: Ciudad del Vaticano Pontifical Academy of Sciences 2000
Edice:Pontificiae Academiae Scientiarvm Scripta Varia, 97
Témata:
Tagy: Přidat tag
Žádné tagy, Buďte první, kdo vytvoří štítek k tomuto záznamu!

MARC

LEADER 00000nam a2200000 a 4500
001 UCN0851
003 CL-VaPUC
008 010406e20000000VC |||||||||||||||||eng|d
082 0 4 |a 363.8  |b FOO  |2 21 
245 1 0 |a Food needs of the developing world in the early twenty-first century 
300 |a 475 p 
942 |c BK 
945 |d 20010406 00:00:00  |a cmena 
260 |a Ciudad del Vaticano  |b Pontifical Academy of Sciences  |c 2000 
650 0 |a Problemas sociales  |9 258537 
650 0 |a Alimentación  |9 334197 
650 0 |a Nutrición   |9 259434 
650 7 |a PROGRAMAS DE DESARROLLO  |2 CL-VaPUC  |9 335854 
583 |a last modification  |c 20010406 00:00:00  |k Rodrigo Vera 
490 0 |a Pontificiae Academiae Scientiarvm Scripta Varia, 97 
999 |c 294468  |d 294466 
952 |0 0  |1 0  |4 0  |6 363_800000000000000_FOO_2000  |7 0  |8 A  |9 346926  |a BIBTEO  |b BIBTEO  |d 2019-11-20  |i 3707326  |o 363.8 FOO 2000  |p 3707326  |r 2025-01-17  |w 2019-11-20  |y BK  |k ICR